000
00260nam a22001097a 4500
082
_a
540
100
_a
Sharma, J.D,.
_9
79635
245
_a
Science Fair Projects Chemistry
260
_a
Guwahati
_b
Bhagawati Pra
_c
2018
650
_a
Chemistry
_9
79636
942
_c
BK
999
_c
63279
_d
63279